000 00963nam a2200253 i 4500
001 70375
003 ES-MaACL
005 20250731034205.0
007 t|
008 040722s1944 sp |||| |aspa d
080 _a929 García Sanchiz, Federico
080 _a94(460.27 M.)"19"(093.3)
100 1 _aGarcía Sanchiz, Federico,
_d1886-1964
_955269
245 1 0 _aAdiós, Madrid_
_b: memorias de Madrid y del autor referentes a las dos primeras décadas del siglo /
_cFederico García Sanchiz.
260 _aZaragoza :
_bCronos,
_c1944 (
_fLibrería General)
300 _a210 p. ;
_c19 cm.
500 _aÍndice.
505 8 _aContiene: ;
_tEl Ateneo y la fragata "Numancia"(
_g, p. 73-82)
600 1 4 _aGarcía Sanchiz, Federico,
_d1886-1964
_955269
610 2 4 _aAteneo de Madrid-
_vHistoria-
_vRelatos personales
_91926
651 4 _aMadrid-
_xHistoria-
_yS.XX-
_vRelatos personales.
_98973
852 _aES-MaACL
_jG-3381
999 _c70375
_d70375